LEADER 01001nam a22002411i 4500 001 991001103679707536 005 20021119153344.0 008 021119s1977 it |||||||||||||||||ita 035 $ab12100365-39ule_inst 035 $aARCHE-019016$9ExL 040 $aDip.to Filologia Ling. e Lett.$bita$cA.t.i. Arché s.c.r.l. Pandora Sicilia s.r.l. 100 1 $aRossi, Pietro$d<1930- >$0307946 245 14$aGli illuministi francesi :$bBayle, manoscritti clandestini, Voltaire, Montesquieu, Diderot, D'Alembert, Condillac /$cPietro Rossi 260 $aTorino :$bLoescher,$c1977 300 $aXXXI, 378 p. ;$c18 cm 490 0 $aClassici della filosofia 650 4$aIlluminismo$xFrancia$xAntologie 907 $a.b12100365$b28-04-17$c01-04-03 912 $a991001103679707536 945 $aLE008 Cr L IV 26$g1$i2008000228774$lle008$o-$pE0.00$q-$rl$s- $t0$u0$v0$w0$x0$y.i12402485$z01-04-03 996 $aIlluministi francesi$9140322 997 $aUNISALENTO 998 $ale008$b01-04-03$cm$da $e-$fita$git $h4$i1